|
|
|
|
| LEADER |
00913nab a2200205 i 4500 |
| 001 |
acta6907 |
| 005 |
20221013144054.0 |
| 008 |
161015s1996 hu o 0|| hun d |
| 022 |
|
|
|a 0324-6523
|
| 040 |
|
|
|a SZTE Egyetemi Kiadványok Repozitórium
|b hun
|
| 041 |
|
|
|a hun
|
| 100 |
1 |
|
|a Trócsányi László
|
| 245 |
1 |
0 |
|a Visszaemlékezések a magyar-csehszlovák lakosságcsere egyezmény végrehajtására
|h [elektronikus dokumentum] /
|c id. Trócsányi László
|
| 260 |
|
|
|a Szegedi Tudományegyetem Állam- és Jogtudományi Kara
|b Szeged
|c 1996
|
| 300 |
|
|
|a 669-674
|
| 490 |
0 |
|
|a Acta Universitatis Szegediensis : acta juridica et politica
|v 49 No. 1-48
|
| 650 |
|
4 |
|a Bölcsészettudományok
|
| 650 |
|
4 |
|a Történettudomány és régészet
|
| 695 |
|
|
|a Kitelepítés - magyarok - Szlovákia - 1945-1953, Magyarok - Csehszlovákia
|
| 856 |
4 |
0 |
|u http://acta.bibl.u-szeged.hu/6907/1/juridpol_049_669-674.pdf
|z Dokumentum-elérés
|